<?xml version="1.0" encoding="UTF-8"?>
<record
    xmlns:xsi="http://www.w3.org/2001/XMLSchema-instance"
    xsi:schemaLocation="http://www.loc.gov/MARC21/slim http://www.loc.gov/standards/marcxml/schema/MARC21slim.xsd"
    xmlns="http://www.loc.gov/MARC21/slim">

  <leader>01241aam a2200229 a 4500</leader>
  <controlfield tag="003">AR-RoUNCS</controlfield>
  <controlfield tag="005">20251219105746.0</controlfield>
  <controlfield tag="008">141015s2012    ag     gr     001 p spa</controlfield>
  <datafield tag="015" ind1=" " ind2=" ">
    <subfield code="a">AR-2012</subfield>
  </datafield>
  <datafield tag="020" ind1=" " ind2=" ">
    <subfield code="a">978-987-1586-30-1</subfield>
  </datafield>
  <datafield tag="040" ind1=" " ind2=" ">
    <subfield code="a">AR-BaBN</subfield>
    <subfield code="b">spa</subfield>
    <subfield code="c">AR-Ro-UNCS</subfield>
    <subfield code="e">aacr</subfield>
  </datafield>
  <datafield tag="044" ind1=" " ind2=" ">
    <subfield code="a">ag</subfield>
    <subfield code="c">ar-c</subfield>
  </datafield>
  <datafield tag="080" ind1="1" ind2=" ">
    <subfield code="a">82-1(82)</subfield>
    <subfield code="2">2016</subfield>
  </datafield>
  <datafield tag="100" ind1="1" ind2=" ">
    <subfield code="a">Iriarte, Fabi&#xE1;n O.,</subfield>
    <subfield code="d">1963-</subfield>
    <subfield code="e">autor</subfield>
    <subfield code="4">aut</subfield>
  </datafield>
  <datafield tag="245" ind1="1" ind2="4">
    <subfield code="a">Las confesiones /</subfield>
    <subfield code="c">Fabi&#xE1;n O. Iriarte.</subfield>
  </datafield>
  <datafield tag="260" ind1=" " ind2=" ">
    <subfield code="a">Buenos Aires :</subfield>
    <subfield code="b">Huesos de Jibia,</subfield>
    <subfield code="c">2012.</subfield>
  </datafield>
  <datafield tag="300" ind1=" " ind2=" ">
    <subfield code="a">91 p. ;</subfield>
    <subfield code="c">20 cm.</subfield>
  </datafield>
  <datafield tag="520" ind1="3" ind2=" ">
    <subfield code="a">La voz eleg&#xED;aca y sentimental de Irirarte acude a las formas taxon&#xF3;micas de la teor&#xED;a, o por lo menos tiene conciencia de ellas, pero no con el fin de acatar sus normas, sino para enunciar a partir de su devastaci&#xF3;n y construir una ley propia. Toda poes&#xED;a, aun aquella que quiera desligarse del yo, no deja de tener un car&#xE1;cter autofiogr&#xE1;fico, nos viene a decir Iriarte. A partir de esta hip&#xF3;tesis el autor enuncia. Pero a diferencia de una concepci&#xF3;n que se afinca devotamente en la l&#xED;rica confesional, el autor adopta este discurso percat&#xE1;ndose de su naturaleza artificiosa. (Carlos Battilana).</subfield>
  </datafield>
  <datafield tag="650" ind1=" " ind2="7">
    <subfield code="2">embne</subfield>
    <subfield code="a">Literatura argentina</subfield>
  </datafield>
  <datafield tag="655" ind1=" " ind2="7">
    <subfield code="2">embne</subfield>
    <subfield code="a">Poes&#xED;as</subfield>
  </datafield>
  <datafield tag="942" ind1=" " ind2=" ">
    <subfield code="2">udc</subfield>
    <subfield code="c">LPD</subfield>
    <subfield code="n">0</subfield>
  </datafield>
  <datafield tag="999" ind1=" " ind2=" ">
    <subfield code="c">862</subfield>
    <subfield code="d">862</subfield>
  </datafield>
  <datafield tag="952" ind1=" " ind2=" ">
    <subfield code="0">0</subfield>
    <subfield code="1">0</subfield>
    <subfield code="2">udc</subfield>
    <subfield code="4">0</subfield>
    <subfield code="7">0</subfield>
    <subfield code="8">CG</subfield>
    <subfield code="a">ESOCIALES</subfield>
    <subfield code="b">ESOCIALES</subfield>
    <subfield code="d">2025-12-19</subfield>
    <subfield code="e">Donaci&#xF3;n 2023</subfield>
    <subfield code="l">1</subfield>
    <subfield code="o">82-1(82) IR68</subfield>
    <subfield code="p">000165</subfield>
    <subfield code="r">2026-05-06 13:44:02</subfield>
    <subfield code="s">2026-04-23</subfield>
    <subfield code="w">2025-12-19</subfield>
    <subfield code="y">LPD</subfield>
  </datafield>
</record>
